El comercio exterior español (Registro nro. 30206)
[ vista simple ]
| 000 -CABECERA | |
|---|---|
| Longitud fija campo de control | 01180naa a2200349 c 4500 |
| 001 - NÚMERO DE CONTROL | |
| Número de control | 30206 |
| 003 - IDENTIFICADOR DE NÚMERO DE CONTROL | |
| Identificador del número de control | ES-MaCES |
| 005 - FECHA Y HORA DE LA ÚLTIMA TRANSACCIÓN | |
| Fecha y hora de la última transacción | 20150929135530.0 |
| 008 - CAMPO FIJO DE DESCRIPCIÓN FIJA--INFORMACIÓN GENERAL | |
| Códigos de información de longitud fija | 980414n1997 sp ||| | spa d |
| 035 ## - NÚMERO DE CONTROL DEL SISTEMA | |
| Número de control del sistema | CES19980041555v |
| 040 ## - FUENTE DE CATALOGACIÓN | |
| Centro catalogador de origen | ES-MaCES |
| Lengua de catalogación | spa |
| Centro transcriptor | ES-MaCES |
| 041 0# - CÓDIGO DE IDIOMA | |
| Código de lengua del texto;banda sonora o título independiente | spa |
| -- | eng |
| 100 1# - ENCABEZAMIENTO PRINCIPAL--NOMBRE PERSONAL | |
| Nombre de persona | Hernando Moreno, José María |
| 9 (RLIN) | 14721 |
| 245 13 - MENCIÓN DE TÍTULO | |
| Título | El comercio exterior español |
| Resto del título | : balance de una década en la Unión Europea |
| Mención de responsabilidad, etc. | José M.ª Hernando Moreno |
| 500 ## - NOTA GENERAL | |
| Nota general | Resumen en castellano e inglés |
| 504 ## - NOTA DE BIBLIOGRAFÍA, ETC. | |
| Nota de bibliografía, etc. | Bibliografía: p. 160-161 |
| 650 #4 - ASIENTO SECUNDARIO DE MATERIA--TÉRMINO DE MATERIA | |
| Término de materia o nombre geográfico como elemento inicial | balance |
| 9 (RLIN) | 30786 |
| 650 #4 - ASIENTO SECUNDARIO DE MATERIA--TÉRMINO DE MATERIA | |
| Término de materia o nombre geográfico como elemento inicial | Mercado Unico Europeo |
| 9 (RLIN) | 30652 |
| 650 #4 - ASIENTO SECUNDARIO DE MATERIA--TÉRMINO DE MATERIA | |
| Término de materia o nombre geográfico como elemento inicial | integración económica |
| 9 (RLIN) | 27962 |
| 650 #4 - ASIENTO SECUNDARIO DE MATERIA--TÉRMINO DE MATERIA | |
| Término de materia o nombre geográfico como elemento inicial | 1986-1996 |
| 9 (RLIN) | 31249 |
| 650 #4 - ASIENTO SECUNDARIO DE MATERIA--TÉRMINO DE MATERIA | |
| Término de materia o nombre geográfico como elemento inicial | España |
| 9 (RLIN) | 26964 |
| 650 #4 - ASIENTO SECUNDARIO DE MATERIA--TÉRMINO DE MATERIA | |
| Término de materia o nombre geográfico como elemento inicial | análisis de actividad |
| 9 (RLIN) | 27000 |
| 650 #4 - ASIENTO SECUNDARIO DE MATERIA--TÉRMINO DE MATERIA | |
| Término de materia o nombre geográfico como elemento inicial | devaluación |
| 9 (RLIN) | 29412 |
| 650 #4 - ASIENTO SECUNDARIO DE MATERIA--TÉRMINO DE MATERIA | |
| Término de materia o nombre geográfico como elemento inicial | balanza comercial |
| 9 (RLIN) | 27966 |
| 650 #4 - ASIENTO SECUNDARIO DE MATERIA--TÉRMINO DE MATERIA | |
| Término de materia o nombre geográfico como elemento inicial | comercio internacional |
| 9 (RLIN) | 27958 |
| 653 10 - TÉRMINO DE INDEXACIÓN--NO CONTROLADO | |
| Término no controlado | Comercio internacional |
| 650 #4 - ASIENTO SECUNDARIO DE MATERIA--TÉRMINO DE MATERIA | |
| 9 (RLIN) | 26752 |
| Término de materia o nombre geográfico como elemento inicial | UE |
| 773 0# - ENTRADA DE DOCUMENTO FUENTE | |
| Título | Información Comercial Española |
| Parte(s) relacionada(s) | Madrid. - N. 766 ; p. 147-161 |
| Número de control del registro relacionado | (ES-MaCES)25295 |
| 902 ## - CES. TIPO DE DOCUMENTO | |
| Tipodoc (006$c Sirtex) | ART Artículo de revista |
| 942 ## - ELEMENTOS KOHA | |
| Fuente de clasificaión o esquema | Clasificación propia del CES |
| Koha [por defecto] tipo de item | Artículos (1982-2017) |
| Parte de clasificación | 0.0. |
No hay ítems disponibles.
